LIBRARY & INFORMATION CENTRE, KCAET, TAVANUR

ONLINE PUBLIC ACCESS CATALOGUE (OPAC)

Autobiography or the story of my experiments with truth / (Record no. 6096)

MARC details
000 -LEADER
fixed length control field 00470cam a2200181ua 4500
041 ## - LANGUAGE CODE
Language code of text/sound track or separate title eng
082 ## - DEWEY DECIMAL CLASSIFICATION NUMBER
Classification number 923.2
Item number GAN/AU
100 ## - MAIN ENTRY--AUTHOR NAME
Personal name Gandhi, M K.
245 ## - TITLE STATEMENT
Title Autobiography or the story of my experiments with truth /
260 ## - PUBLICATION, DISTRIBUTION, ETC. (IMPRINT)
Place of publication Ahmadabad :
Name of publisher Navajivan publishing house ,
Year of publication 1963.
300 ## - PHYSICAL DESCRIPTION
Number of Pages 331 ; .
942 ## - ADDED ENTRY ELEMENTS (KOHA)
Koha item type Books
Holdings
Withdrawn status Lost status Damaged status Home library Current library Date acquired Cost, normal purchase price Full call number Accession Number Koha item type Collection code
Withdrawn   Damaged KAUAET KAUAET 07/04/2012 2.00 923.2 2290 Books  
      KAUAET KAUAET 25/08/2022 175.00 923.2 GAN/AU 25643 Books Non-fiction
Withdrawn     KAUAET Kelappaji 07/04/2012   923.2 2289 Books  
free website counter